000 01454nam0a2200373 4500
001 RU\NLR\BIBL_A\022527804
005 20250729143328.0
010 _a978-5-17-173268-4
_93000
021 _aRU
_bКН-П-25-012815
_9КН-П-25-1289
035 _a(NLR Aleph) 022527804
090 _a13458133
_c13458133
100 _a20250422d2025 k y0rusy50 ca
101 1 _arus
_cfre
102 _aRU
105 _ay z 000zy
181 0 _ai4
_baxxe
182 0 _an
200 1 _aОбщество спектакля
_fГи Дебор
_gперевод с французского С. Офертаса
203 _aТекст
_bвизуальный
_cнепосредственный
210 _aМосква
_cАСТ
_d2025 (печ. 2024)
215 _a317, [2] с.
_d19
225 1 _aЭксклюзивная классика
225 1 _aКниги, изменившие мир. Писатели, объединившие поколения
320 _aБиблиогр. в тексте
333 _a16+
606 1 _aСоциальная философия
_yФранция
_z20 в.
_92501998
_3RU\NLR\AUTH\661483868
606 1 _aОбщество
_xСоциально-философские вопросы
_92078699
_3RU\NLR\AUTH\661254562
686 1 _aЮ3(4Фр)6-60
686 1 _aС508.0
700 1 _aДебор
_bГ.
_f1931-1994
_gГи
942 _cBOOK
980 _aNB